000 00589nam a2200181 i 4500
001 110563
003 ES-MaACL
005 20230906185103.0
007 t|
008 070131s1788 xxk ||||1| eng d
100 1 _aFrancis, Philip-Junius
_c(seud.)
_967305
245 1 4 _aThe letters of Junius
_b: complete in one volume.
260 _aLondon :
_b[s.n.],
_c1788.
300 _a372 p. ;
_c20 cm.
500 _aIndice analítico incompleto. Le faltan las páginas finales.
651 4 _aGran Bretaña-
_xSituación social-
_yS.XVIII.
_9153334
852 _aES-MaACL
_jR-1203
_xOlim:G-10465
999 _c110563
_d110563